Výbuch /

Další pokračování krimisérie vypráví o případu teroristických útoků v norské metropoli.

Uloženo v:
Série:Holger Munch a Mia Krügerová, část 5
Hlavní autor: Bjork, Samuel, 1969- (Autor)
Další autoři: Křenek, Václav, 1997- (Autor)
Médium: Kniha
Jazyk:Czech
Vydáno: Praha : Kniha Zlin, 2026
Vydání:Vydání první
Témata:
Celkem bylo vypůjčeno:0x
Příbuzné jednotky:Z cyklu:: Holger Munch a Mia Krügerová
Tagy:
Žádné tagy
LEADER 02179nam a2200433 i 4500
001 106513
003 CZ PrNK
005 20260605075916.0
007 ta
008 260513s2026 xr g 000 f cze
015 |a cnb003756986 
020 |a 9788025911334  |q (vázáno) 
040 |a ABG001  |b cze  |e rda 
041 1 |a cze  |h nor 
072 7 |a 821.11  |x Germánské literatury  |2 Konspekt  |9 25 
080 |a 821.113.5-31  |2 MRF 
080 |a (0:82-312.4)  |2 MRF 
100 1 |a Bjork, Samuel,  |d 1969-  |7 mzk2015885488  |4 aut  |9 27293 
240 1 0 |a Bomberen.  |l Česky 
245 1 0 |a Výbuch /  |c Samuel Bjørk ; přeložil Václav Křenek 
250 |a Vydání první 
264 1 |a Praha :  |b Kniha Zlin,  |c 2026 
300 |a 475 stran ;  |c 21 cm 
336 |a text  |b txt  |2 rdacontent 
337 |a bez média  |b n  |2 rdamedia 
338 |a svazek  |b nc  |2 rdacarrier 
500 |a Přeloženo z norštiny 
520 2 |a Další pokračování krimisérie vypráví o případu teroristických útoků v norské metropoli.  |b Metrem v Oslu otřese smrtící výbuch. A to je teprve začátek. Anonym oznámí, že každých čtyřiadvacet hodin bude následovat další exploze. Město zachvátí panika, hranice se uzavírají a policie bojuje s neviditelným nepřítelem. Zatímco se novinářka Jessica Blomqvistová snaží rozkrýt pozadí útoků, detektiv Holger Munch a vyšetřovatelka Mia Krügerová bojují s protivníkem, který je vždy o krok napřed. V sázce není jen jejich kariéra - i sebemenší chyba může stát stovky nevinných životů. A čas se neúprosně krátí. Nakladatelská anotace. 
655 7 |a norské romány  |7 fd132917  |2 czenas  |9 53730 
655 7 |a detektivní romány  |7 fd132010  |2 czenas  |9 53536 
655 9 |a Norwegian fiction  |2 eczenas 
655 9 |a detective novels  |2 eczenas 
700 1 |a Křenek, Václav,  |d 1997-  |7 xx0270226  |4 trl  |9 117437 
710 2 |a Nakladatelství Kniha Zlin  |7 xx0231594  |4 pbl  |9 117179 
787 0 8 |i Z cyklu:  |t Holger Munch a Mia Krügerová  |g 5 
910 |a UOG502 
942 |2 ddc  |c KN 
999 |d 106513 
993 |0 0  |1 421180107233  |2 ddc  |4 0  |7 0  |9 99957  |b 0  |c 107233  |d 2026-06-05  |e 0  |f DOSP  |h 499.00  |i Koupě  |l DOSP  |r 2026-06-05  |t 6  |w 2026-06-05  |y KN  |z KRIMI  |n